Nghiên cứu tổng quan về điện gió và đánh gió và đánh giá tiền năng phát triển điện gió ở tỉnh Quảng Bình Đồ án tốt nghiệp
Giới thiệu các thiết bị điện sử dụng trong công nghiệp và dân dụng và Module ESP 8266 và ARDUINO; thiết kế hệ thống điều khiển các thiết bị trong nhà.
Đã lưu trong:
| Tác giả chính: | |
|---|---|
| Định dạng: | Sách |
| Năm xuất bản: |
Quảng Bình
Trường Đại học Quảng Bình
2017
|
| Chủ đề: | |
| Tags: |
Thêm thẻ
Không có thẻ, Hãy là người đầu tiên gắn thẻ bản ghi này!
|
| LEADER | 01002nam a2200193 4500 | ||
|---|---|---|---|
| 999 | |c 15090 |d 15090 | ||
| 082 | |a 621.317 |b PH104Y | ||
| 100 | |a Phạm Xuân Lộ | ||
| 245 | |a Nghiên cứu tổng quan về điện gió và đánh gió và đánh giá tiền năng phát triển điện gió ở tỉnh Quảng Bình |c Phạm Xuân Lộc; Nguyễn Văn Sum Hướng dẫn |b Đồ án tốt nghiệp | ||
| 260 | |a Quảng Bình |b Trường Đại học Quảng Bình |c 2017 | ||
| 300 | |a 58tr. |c 29cm | ||
| 520 | |a Giới thiệu các thiết bị điện sử dụng trong công nghiệp và dân dụng và Module ESP 8266 và ARDUINO; thiết kế hệ thống điều khiển các thiết bị trong nhà. | ||
| 653 | |a Kỹ thuật điện | ||
| 653 | |a Hệ thống | ||
| 653 | |a Thiết bị | ||
| 653 | |a Điều khiển | ||
| 653 | |a Luận án | ||
| 942 | |2 ddc |c KL | ||
| 952 | |0 0 |1 0 |2 ddc |4 0 |6 621_317000000000000_PH104Y |7 0 |8 600 |9 114151 |a qbu |b qbu |c D1 |d 2018-04-04 |o 621.317 PH104Y |p LA690.C1 |r 2018-04-04 |w 2018-04-04 |y KL | ||